Država koje počinju slovom A - Statistics

General Stats
  • This quiz has been taken 1 590 times
  • The average score is 7 of 11
Answer Stats
Zemlje % Correct
Austrija
86%
Australija
83%
Andora
82%
Albanija
67%
Afganistan
64%
Angola
64%
Argentina
62%
Armenija
59%
Alžir
54%
Azerbajdžan
48%
Antigva i Barbuda
28%
No matching quizzes found
Score Distribution
Percent of People with Each Score
Percentile by Number Answered
Your Score History
You have not taken this quiz